UBT Library

MEDICAL PHYSIOLOGY (Record no. 58405)

000 -LEADER
fixed length control field 00338nam a22001457a 4500
008 - FIXED-LENGTH DATA ELEMENTS--GENERAL INFORMATION
fixed length control field 221007b ||||| |||| 00| 0 eng d
020 ## - INTERNATIONAL STANDARD BOOK NUMBER
International Standard Book Number 0801635500
041 ## - LANGUAGE CODE
Language code of text/sound track or separate title eng
080 ## - UNIVERSAL DECIMAL CLASSIFICATION NUMBER
Edition identifier thirteenth edition
Universal Decimal Classification number 616.8
082 ## - DEWEY DECIMAL CLASSIFICATION NUMBER
Classification number 616.8 MOU
100 ## - Rafti
Rafti 11.2
101 ## - Shkurtesa
Shkurtesa NEU
245 ## - TITLE STATEMENT
Title MEDICAL PHYSIOLOGY
Statement of responsibility, etc MOUNTCASTLE V
942 ## - ADDED ENTRY ELEMENTS (KOHA)
Source of classification or shelving scheme
Item type Books
Holdings
Withdrawn status Lost status Source of classification or shelving scheme Damaged status Not for loan Collection code Permanent location Current location Date acquired Total Checkouts Full call number Barcode Date last seen Price effective from Koha item type
          Koleksioni i përgjithshem UBT - Lipjan UBT - Lipjan 10/07/2022   616.8 MOU 002-800028700161 10/07/2022 10/07/2022 Books
          Koleksioni i përgjithshem UBT - Lipjan UBT - Lipjan 10/07/2022   616.8 OLS 002-800028700162 10/07/2022 10/07/2022 Books
          Koleksioni i përgjithshem UBT - Lipjan UBT - Lipjan 10/07/2022   616.8 OLS 002-800028700163 10/07/2022 10/07/2022 Books
UBT Library © 2015-2024. All rights reserved University Education for Business and Technology